Statistics for Most Guessed Capitals A-Z

Click here to take the quiz!

General Stats

  • This quiz has been taken 79 times
    (73 since last reset)
  • The average score is 16 of 24

Answer Stats

LetterAnswer%% Correct
LLondon87%
95%
PParis90%
93%
WWashington D.C.84%
93%
BBerlin85%
92%
OOslo75%
87%
TTokyo78%
85%
MMadrid81%
83%
RRome87%
83%
QQuito46%
72%
CCopenhagen69%
70%
SStockholm66%
70%
HHelsinki68%
68%
NNew Delhi69%
68%
ZZagreb50%
67%
AAthens80%
65%
DDublin78%
63%
UUlaanbaatar37%
63%
VVienna73%
62%
KKiev62%
55%
YYerevan28%
52%
IIslamabad46%
50%
JJerusalem60%
47%
GGuatemala City36%
33%
FFreetown29%
20%

Score Distribution

Percentile by Number Answered

Percent of People with Each Score

Your Score History

You have not taken this quiz since the last reset